000 00307nam a22001457a 4500
008 221028b ||||| |||| 00| 0 eng d
020 _a9780205010417
041 _aeng
080 _a159.9
082 _a159.9 MAR
100 _a24.1
101 _aPSI
245 _aPSYCHOLOGY
_cMARIN A
942 _2udc
_cBK
999 _c58679
_d58679